000
00293nam a22001337a 4500
008
170530b xxu||||| |||| 00| 0 eng d
020
_a
9780465023264
041
_a
eng
080
_a
94(100) FER
100
_a
17
101
_a
SHH
245
_a
THE CASH NEXUS
_c
FERGUSON, N
942
_2
udc
_c
BK
999
_c
15024
_d
15024